[Event "COL-ch U14"]
[Site "Cartagena"]
[Date "2023.04.14"]
[Round "3"]
[White "Lopez, Ricardo Andres"]
[Black "Giraldo Alvarez, Tomas"]
[Result "0-1"]
[WhiteElo "1708"]
[BlackElo "1396"]
[PlyCount "28"]
[EventDate "2023.04.13"]
[EventType "swiss"]
[EventRounds "7"]
[EventCountry "COL"]
[SourceTitle "CBM 213 Extra"]
[Source "ChessBase"]
[SourceDate "2023.05.31"]
[SourceVersion "1"]
[SourceVersionDate "2023.05.31"]
[SourceQuality "1"]

1. e4 e6 2. d4 d5 3. exd5 exd5 4. Bd3 Bd6 5. Nf3 Nc6 6. Bg5 Nge7 7. 0-0 Bg4 8. c3 Qd7 9. Nbd2 f6 10. Be3 0-0-0 11. b4 Ng6 12. a4 Nf4 13. Bxf4 Bxf4 14. Qc2 g5 0-1

[Event "Medellin Easter op 11th"]
[Site "Medellin"]
[Date "2023.04.07"]
[Round "4"]
[White "Giraldo Alvarez, Tomas"]
[Black "Bravo Padilla, Hernan David"]
[Result "1-0"]
[WhiteElo "1396"]
[BlackElo "1504"]
[PlyCount "77"]
[EventDate "2023.04.05"]
[EventType "swiss"]
[EventRounds "7"]
[EventCountry "COL"]
[SourceTitle "CBM 213 Extra"]
[Source "ChessBase"]
[SourceDate "2023.05.31"]
[SourceVersion "1"]
[SourceVersionDate "2023.05.31"]
[SourceQuality "1"]

1. e4 c5 2. Nf3 Nc6 3. d4 cxd4 4. Nxd4 Nf6 5. Nc3 g6 6. Be3 Bg7 7. f3 0-0 8. Qd2 d5 9. Nxc6 bxc6 10. 0-0-0 e6 11. h4 Bb7 12. Bh6 dxe4 13. Bxg7 Qxd2+ 14. Rxd2 Kxg7 15. fxe4 c5 16. Bd3 c4 17. Bxc4 Nxe4 18. Nxe4 Bxe4 19. Re1 Bf5 20. Rd7 Kh6 21. Rd4 Rfd8 22. Red1 Rxd4 23. Rxd4 f6 24. Be2 g5 25. g4 Bg6 26. h5 Be8 27. Rd6 Bf7 28. Bd3 Re8 29. c4 Re7 30. c5 Rc7 31. c6 Kg7 32. b4 h6 33. b5 Kf8 34. Rd8+ Kg7 35. Rd7 Rc8 36. Bg6 Rf8 37. Rxf7+ Rxf7 38. Bxf7 Kxf7 39. c7 1-0

[Event "COL-ch U18"]
[Site "Medellin"]
[Date "2022.06.04"]
[Round "6"]
[White "Gomez Silva, Maximiliano"]
[Black "Giraldo Alvarez, Tomas"]
[Result "0-1"]
[WhiteElo "1364"]
[BlackElo "1324"]
[PlyCount "62"]
[EventDate "2022.06.01"]
[EventType "swiss"]
[EventRounds "9"]
[EventCountry "COL"]
[SourceTitle "CBM 208 Extra"]
[Source "ChessBase"]
[SourceDate "2022.07.31"]
[SourceVersion "1"]
[SourceVersionDate "2022.07.31"]
[SourceQuality "1"]

1. e4 e6 2. d4 d5 3. e5 c5 4. c3 Nc6 5. Bb5 Qb6 6. Na3 Bd7 7. Bxc6 Bxc6 8. Nf3 cxd4 9. cxd4 Ne7 10. 0-0 Nf5 11. b3 Bb4 12. Nc2 Bc3 13. Rb1 Bb5 14. Re1 Bxe1 15. Qxe1 0-0 16. Ba3 Rfc8 17. Qd1 Qa6 18. h3 Rxc2 19. Qxc2 Bd3 20. Qc1 Bxb1 21. Qxb1 Qxa3 22. Qc2 Qf8 23. Ng5 Qc8 24. Qb1 h6 25. Nf3 Qc3 26. Qf1 Rc8 27. Qe2 Nxd4 28. Nxd4 Qxd4 29. Qb5 Rc1+ 30. Kh2 Qf4+ 31. g3 Qxf2# 0-1

[Event "COL-ch U18"]
[Site "Medellin"]
[Date "2022.06.03"]
[Round "5"]
[White "Giraldo Alvarez, Tomas"]
[Black "Rueda Rojas, Richard Alejandro"]
[Result "0-1"]
[WhiteElo "1324"]
[BlackElo "1499"]
[PlyCount "94"]
[EventDate "2022.06.01"]
[EventType "swiss"]
[EventRounds "9"]
[EventCountry "COL"]
[SourceTitle "CBM 208 Extra"]
[Source "ChessBase"]
[SourceDate "2022.07.31"]
[SourceVersion "1"]
[SourceVersionDate "2022.07.31"]
[SourceQuality "1"]

1. e4 d6 2. d4 Nf6 3. Nc3 g6 4. f4 Bg7 5. Nf3 c5 6. dxc5 Qa5 7. Qd3 Qxc5 8. Be3 Qa5 9. Qb5+ Qxb5 10. Bxb5+ Bd7 11. Bc4 Nc6 12. 0-0 0-0 13. h3 Rac8 14. Rad1 Na5 15. Be2 Be6 16. Bxa7 Nh5 17. Nd4 Bc4 18. Rf2 Bxe2 19. Ndxe2 Nc4 20. Rb1 Ra8 21. Bd4 e5 22. fxe5 dxe5 23. Bc5 Rfc8 24. Bb4 Ne3 25. Nc1 Nf4 26. Nb3 Rc4 27. a3 Rd8 28. Kh2 Ne6 29. Re1 Bh6 30. Be7 Rd7 31. Bf6 Nd4 32. Bxe5 Ndxc2 33. Ree2 Re7 34. Bg3 Bg7 35. Nd5 Rexe4 36. Nd2 Rcd4 37. Nxe4 Rxe4 38. Rxc2 Nxc2 39. Rxc2 h5 40. h4 Rd4 41. Nb4 Bf6 42. Rc7 Rd2 43. Rxb7 Rxb2 44. a4 Bd4 45. Rd7 Bf6 46. Ra7 Bd4 47. a5 Bxa7 0-1

[Event "COL-ch U18"]
[Site "Medellin"]
[Date "2022.06.02"]
[Round "2"]
[White "Giraldo Alvarez, Tomas"]
[Black "Cordoba Roa, Angel Gabriel"]
[Result "0-1"]
[WhiteElo "1324"]
[BlackElo "2214"]
[PlyCount "68"]
[EventDate "2022.06.01"]
[EventType "swiss"]
[EventRounds "9"]
[EventCountry "COL"]
[SourceTitle "CBM 208 Extra"]
[Source "ChessBase"]
[SourceDate "2022.07.31"]
[SourceVersion "1"]
[SourceVersionDate "2022.07.31"]
[SourceQuality "1"]

1. e4 c5 2. Nf3 d6 3. d4 cxd4 4. Nxd4 Nf6 5. Nc3 g6 6. Be3 Bg7 7. Bc4 a6 8. Bb3 Ng4 9. Qd2 Nxe3 10. Qxe3 Nc6 11. Nxc6 bxc6 12. 0-0 Rb8 13. Rad1 a5 14. Kh1 Qb6 15. Qg3 0-0 16. f4 Qc5 17. f5 Qe5 18. Qf3 Bf6 19. fxg6 hxg6 20. Ne2 Kg7 21. Qf4 Qxb2 22. Ng3 Qe5 23. Qxe5 Bxe5 24. Ne2 Rb4 25. Nc1 a4 26. a3 Rxe4 27. Ba2 Rh4 28. h3 d5 29. Rf3 Bg4 30. Rdf1 Bxf3 31. Rxf3 Rb8 32. Nd3 Bd6 33. Kg1 e5 34. Ne1 Rb2 0-1

[Event "Antioquia op"]
[Site "Antioquia"]
[Date "2020.03.04"]
[Round "3"]
[White "Castano, Saray"]
[Black "Giraldo Alvarez, Tomas"]
[Result "1/2-1/2"]
[WhiteElo "1578"]
[BlackElo "1291"]
[PlyCount "24"]
[EventDate "2020.03.03"]
[EventType "swiss"]
[EventRounds "9"]
[EventCountry "COL"]
[SourceTitle "CBM 195 Extra"]
[Source "ChessBase"]
[SourceDate "2020.05.31"]
[SourceVersion "1"]
[SourceVersionDate "2020.05.31"]
[SourceQuality "1"]

1. c4 Nf6 2. Nc3 g6 3. g3 Bg7 4. Bg2 d6 5. d4 Nbd7 6. e3 0-0 7. Nge2 c6 8. 0-0 Qc7 9. b3 Re8 10. Bb2 e5 11. d5 a6 12. dxc6 bxc6 1/2-1/2

[Event "COL-ch U10"]
[Site "Fusagasuga"]
[Date "2019.06.27"]
[Round "3"]
[White "Lopez, Ricardo Andres"]
[Black "Giraldo Alvarez, Tomas"]
[Result "1-0"]
[WhiteElo "1421"]
[BlackElo "1371"]
[PlyCount "65"]
[EventDate "2019.06.26"]
[EventType "tourn"]
[EventRounds "9"]
[EventCountry "COL"]
[SourceTitle "CBM 191 Extra"]
[Source "ChessBase"]
[SourceDate "2019.09.30"]
[SourceVersion "1"]
[SourceVersionDate "2019.09.30"]
[SourceQuality "1"]

1. d4 Nf6 2. Bf4 g6 3. Nf3 Bg7 4. h3 d6 5. e3 0-0 6. Bd3 Nbd7 7. 0-0 Re8 8. Bh2 c6 9. Be2 Qb6 10. Qc1 e5 11. c3 e4 12. Nfd2 d5 13. c4 c5 14. cxd5 Nxd5 15. Nc4 Qf6 16. Nc3 Nxc3 17. bxc3 a6 18. Ne5 Nxe5 19. Bxe5 Qg5 20. Bf4 Qd5 21. c4 Qc6 22. d5 Qa4 23. Rb1 Qxa2 24. Qd1 Qa5 25. d6 Rd8 26. Qd5 Ra7 27. Bg4 Ra8 28. Bg5 Bxg4 29. Bxd8 Be6 30. Bxa5 Bxd5 31. cxd5 Be5 32. d7 Bf6 33. Rxb7 1-0

[Event "Medellin Aristizabal Cup"]
[Site "Medellin"]
[Date "2019.01.24"]
[Round "2"]
[White "Morales, Luis Eduardo"]
[Black "Giraldo Alvarez, Tomas"]
[Result "1-0"]
[WhiteElo "1759"]
[BlackElo "1349"]
[PlyCount "61"]
[EventDate "2019.01.24"]
[EventType "swiss"]
[EventRounds "7"]
[EventCountry "COL"]
[SourceTitle "EXT 2020"]
[Source "ChessBase"]
[SourceDate "2019.10.17"]
[SourceVersion "1"]
[SourceVersionDate "2019.10.17"]
[SourceQuality "1"]

1. e4 e5 2. Nf3 Nc6 3. c3 Nf6 4. d4 Nxe4 5. d5 Ne7 6. Nxe5 Nf6 7. Bc4 d6 8. Bb5+ Nd7 9. Nf3 a6 10. Ba4 b5 11. Bc2 Nf6 12. Bg5 Bb7 13. Bxf6 gxf6 14. c4 Bg7 15. Nc3 0-0 16. Nh4 Re8 17. 0-0 Ng6 18. Nf5 Bc8 19. Qg4 Bxf5 20. Bxf5 Kh8 21. Rfe1 Rg8 22. Re3 Bh6 23. Rh3 Nf4 24. Qxf4 Rxg2+ 25. Kxg2 Bxf4 26. Rxh7+ Kg8 27. Kf3 Qe8 28. Kxf4 Qe5+ 29. Kg4 Re8 30. f3 Qe3 31. Rh5 1-0

[Event "Medellin Aristizabal Cup"]
[Site "Medellin"]
[Date "2018.07.08"]
[Round "6"]
[White "Garces Trujillo, Luis Javier"]
[Black "Giraldo Alvarez, Tomas"]
[Result "1-0"]
[WhiteElo "1914"]
[BlackElo "1413"]
[PlyCount "121"]
[EventDate "2018.07.04"]
[EventType "swiss"]
[EventRounds "7"]
[EventCountry "COL"]
[SourceTitle "CBM 185 Extra"]
[Source "ChessBase"]
[SourceDate "2018.07.29"]
[SourceVersion "1"]
[SourceVersionDate "2018.07.29"]
[SourceQuality "1"]

1. d4 Nf6 2. c4 e5 3. dxe5 Ng4 4. Bf4 Nc6 5. Nf3 Bc5 6. e3 f6 7. h3 Ngxe5 8. Nxe5 fxe5 9. Bxe5 Qe7 10. Bc3 0-0 11. Qe2 d6 12. g4 Bd7 13. Bg2 Rae8 14. Nd2 Bb4 15. Bd5+ Kh8 16. Ne4 Bxc3+ 17. Nxc3 Ne5 18. 0-0-0 Bc6 19. Rd4 Bxd5 20. Nxd5 Qd7 21. f4 Nc6 22. Rd3 Ne7 23. Qc2 Nxd5 24. cxd5 Qb5 25. Rhd1 Re4 26. Rb3 Qa4 27. Rc3 Qxc2+ 28. Kxc2 Rf7 29. Kd2 Rb4 30. b3 Rb5 31. Ke2 g6 32. Rdc1 Rxd5 33. Rxc7 Rxc7 34. Rxc7 Rb5 35. Kd3 Ra5 36. a4 b6 37. Rd7 b5 38. axb5 Rxb5 39. Kc4 Rc5+ 40. Kd4 Rb5 41. Rxd6 Rxb3 42. Rd8+ Kg7 43. Rd7+ Kf6 44. Rxa7 Rb4+ 45. Kd3 Rb3+ 46. Ke4 Rb4+ 47. Kf3 Rb3 48. Rxh7 Rb4 49. g5+ Ke6 50. Rg7 Kf5 51. Rf7+ Ke6 52. Rf6+ Ke7 53. Rxg6 Kf7 54. Ra6 Rb1 55. f5 Rf1+ 56. Ke4 Rg1 57. g6+ Kg7 58. Ke5 Re1 59. Ra7+ Kh6 60. Kf6 Rg1 61. Rh7# 1-0

[Event "Antioquia op-B"]
[Site "Medellin"]
[Date "2018.04.26"]
[Round "2"]
[White "Giraldo Alvarez, Tomas"]
[Black "Alvarez, Carlos F"]
[Result "0-1"]
[WhiteElo "1243"]
[BlackElo "1815"]
[PlyCount "42"]
[EventDate "2018.04.25"]
[EventType "swiss"]
[EventRounds "7"]
[EventCountry "COL"]
[SourceTitle "CBM 184 Extra"]
[Source "ChessBase"]
[SourceDate "2018.06.28"]
[SourceVersion "1"]
[SourceVersionDate "2018.06.28"]
[SourceQuality "1"]

1. c4 Nf6 2. Nc3 g6 3. d3 Bg7 4. e4 d6 5. g3 0-0 6. Bg2 c5 7. Nge2 Nc6 8. 0-0 Bd7 9. h3 a6 10. Kh2 Rb8 11. a4 Ne8 12. Be3 Qa5 13. d4 cxd4 14. Nxd4 Rc8 15. Nde2 Qc7 16. f4 e6 17. c5 Nb4 18. cxd6 Nxd6 19. Rc1 Nc4 20. Bg1 Nxb2 21. Qb3 N2d3 0-1